Aktuálne trendy a perspektívy vývoja slovenského bankového sektora bakalárska práca

Gespeichert in:
Bibliographische Detailangaben
1. Verfasser: Čurjak, Matúš
Körperschaft: Národohospodárska fakulta EU. Katedra bankovníctva a medzinárodných financií
Weitere Verfasser: Kelemenová, Monika
Format: Buch
Sprache:Slowakisch
Veröffentlicht: Bratislava 2014
Tags: Tag hinzufügen
Keine Tags, Fügen Sie das erste Tag hinzu!

MARC

LEADER 00000nbm a2200000 4500
001 0189364
005 20170201085325.9
041 0 |a slo 
044 |a SK 
245 1 0 |a Aktuálne trendy a perspektívy vývoja slovenského bankového sektora  |b bakalárska práca  |c Matúš Čurjak ; školiteľ: Monika Kelemenová 
264 1 |a Bratislava  |c 2014 
300 |a 52 s. 
100 1 |a Čurjak, Matúš 
700 1 |a Kelemenová, Monika 
710 2 |a Národohospodárska fakulta EU. Katedra bankovníctva a medzinárodných financií